Регионална библиотека "Любен Каравелов" - Русе

Видният руски учен академик В. Р. Вилямс (Запис номер 410627)

MARC детайли
000 -Лидер
Контролно поле с фиксирана дължина nam a22 a 4500
003 - Код на организацията, давaща контролен номер
Контролно поле BLK
005 - Дата и час на последна редакция
Контролно поле 20210423090808.0
008 - Елементи от данни с фиксирана дължина
fixed length control field 210423b bu |||||r|||| 00| | bu d
040 ## - Източник на каталожния запис
Идентификатор на билиотеката - собственик на записа BLK
041 ## - Код за език
Код за езика на текст/звукозапис или на отделно заглавие Български
Код за езика КДБФ Български
080 ## - УДК
Текстов определител УДК Общи въпроси на селското стопанство
УДК код - определител по УДК 631
УДК - код + определител 631
100 ## - Редна дума - Автор
R(LIN) 1299
Автор Соболев, С. С.
Авторска отговорност първи автор
139 ## - Редно поле
Редна дума Соболев, С. С.
245 ## - Сведения за заглавието
Заглавие Видният руски учен академик В. Р. Вилямс
Редно поле (дума) С. С. Соболев ; прев. от рус. Л. Дамянова
260 ## - Област на издателските данни
9 (RLIN) 210040
Място на издаване, разпространение и проч. София
Име на издателя, разпространителя и проч. Нар. младеж
Година на издаване 1952
300 ## - Физическа характеристика
Страници 32 с.
Размери/Мащаб 17 см
380 ## - Жанр
Жанр Селско стопанство
600 #0 - Име на лице, използвано като предмет
9 (RLIN) 450245
За него / За нея Вилямс, Василий Робертович
700 ## - Други автори (авторска отговорност)
9 (RLIN) 322093
Лично име Дамянова, Л.
Автороска отговорност (Описва отношението между автора и произведението) прев. от рус.
852 ## - Местоположение
Форматна сигнатура Цб 6.170.39461
999 ## - СИСТЕМНИ КОНТРОЛНИ НОМЕРА
Koha biblionumber 410627
Koha biblioitemnumber 410627
942 ## - АРТИКУЛИ
Вид на библиотечния материал Книги
Скрит в OPAC Не
Периодичен библиозапис Да
944 ## - СЪЗДАВАНЕ И РЕДАКЦИЯ на ЗАПИСА
Създаване/Редакция Създаване
Служител, извършил регистрацията/редакцията ВР
Наличности
Код за отписване Код за изгубен артикул Източник на класификационната схема Код за повреда Коз за рестрикции Код за отдаване Артикулен № Име на библиотеката - собственик Име на библиотеката, в която се намира в момента Статус (Текущо местоположение) Дата на вписване в системата Местоположение - отдел Цена в лева Инвентарен номер Систематично азбучна сигнатура Баркод Цена в евро Служебен тип на артикула
  Не е изгубен Universal Decimal Classification Не е повреден само за читалня ползва се в читалня 826659 Регионална библиотека "Любен Каравелов" Русе Регионална библиотека "Любен Каравелов" Русе Хранилище 2021-04-26 Основен фонд - ползва се само за читалня 0.17 39461 Цб 6.170.39461 900000056848 0.09 Книги
Vip Innovations Ltd, Rousse, Bulgaria 2025